Converting ideas into reality / (Record no. 68)

MARC details
000 -LEADER
fixed length control field 00472nam a22001697a 4500
005 - DATE AND TIME OF LATEST TRANSACTION
control field 20230106083248.0
008 - FIXED-LENGTH DATA ELEMENTS--GENERAL INFORMATION
fixed length control field 230106b |||||||| |||| 00| 0 eng d
020 ## - INTERNATIONAL STANDARD BOOK NUMBER
International Standard Book Number 9982996231
040 ## - CATALOGING SOURCE
Original cataloging agency KMU
Transcribing agency KMU
050 ## - LIBRARY OF CONGRESS CALL NUMBER
Classification number BF 503 Cho 2015
100 ## - MAIN ENTRY--PERSONAL NAME
Personal name Choolwe M. Choolwe
245 ## - TITLE STATEMENT
Title Converting ideas into reality /
Statement of responsibility, etc. by Choolwe M. Choolwe
260 ## - PUBLICATION, DISTRIBUTION, ETC.
Place of publication, distribution, etc. Lusaka ;
Name of publisher, distributor, etc. Gospel envoy ,
Date of publication, distribution, etc. 2015 .
300 ## - PHYSICAL DESCRIPTION
Extent viii , 95 pages ;
Dimensions 19 cm.
650 ## - SUBJECT ADDED ENTRY--TOPICAL TERM
Topical term or geographic name entry element Converting ideas
942 ## - ADDED ENTRY ELEMENTS (KOHA)
Source of classification or shelving scheme Library of Congress Classification
Koha item type Non-Fiction
Suppress in OPAC No
Holdings
Withdrawn status Lost status Source of classification or shelving scheme Damaged status Not for loan Collection Home library Current library Shelving location Date acquired Total Checkouts Total Renewals Full call number Barcode Date last seen Date last checked out Price effective from Koha item type Source of acquisition
    Library of Congress Classification     Non-fiction Kapasa Makasa University Kapasa Makasa University Special Collection 06.01.2023 7 1 BF 503 Cho 2015 747693 17.09.2024 06.09.2024 06.01.2023 Non-Fiction  
    Library of Congress Classification     Non-fiction Kapasa Makasa University Kapasa Makasa University Open Access 06.01.2023 12 2 BF 503 Cho 2015 747694 20.04.2026 13.04.2026 06.01.2023 Non-Fiction  
    Library of Congress Classification     Non-fiction Kapasa Makasa University Kapasa Makasa University Open Access 06.01.2023 16 1 BF 503 Cho 2015 747695 16.02.2026 29.01.2026 06.01.2023 Non-Fiction  
    Library of Congress Classification     Non-fiction Kapasa Makasa University Kapasa Makasa University Open Access 06.01.2023 8 2 BF 503 Cho 2015 747697 25.03.2026 17.03.2026 06.01.2023 Non-Fiction  
    Library of Congress Classification     Non-fiction Kapasa Makasa University Kapasa Makasa University Special Collection 06.01.2023 1   BF 503 Cho 2015 747680 26.04.2024 22.04.2024 06.01.2023 Non-Fiction  
    Library of Congress Classification     Non-fiction Kapasa Makasa University Kapasa Makasa University Special Collection 06.01.2023     BF 503 Cho 2015 747692 26.04.2024   06.01.2023 Non-Fiction  
    Library of Congress Classification     Non-fiction Kapasa Makasa University Kapasa Makasa University Open Access 06.01.2023 6 3 BF 503 Cho 2015 747696 11.05.2026 31.03.2026 06.01.2023 Non-Fiction  
    Library of Congress Classification     Non-fiction Kapasa Makasa University Kapasa Makasa University Open Access 19.02.2024 11 2 BF 503 Cho 747685 09.04.2026 31.03.2026 19.02.2024 Non-Fiction CBU